[Event "GER-ch U10 Girls"]
[Site "Willingen"]
[Date "2024.05.25"]
[Round "11"]
[White "Ruddat, Maila"]
[Black "Bashirova, Sona"]
[Result "1/2-1/2"]
[WhiteElo "1519"]
[BlackElo "1607"]
[PlyCount "103"]
[EventDate "2024.05.19"]
[EventType "swiss"]
[EventRounds "11"]
[EventCountry "GER"]
[SourceTitle "CBM 220 Extra"]
[Source "ChessBase"]
[SourceDate "2024.07.31"]
[SourceVersion "1"]
[SourceVersionDate "2024.07.31"]
[SourceQuality "1"]

1. d4 d5 2. Bf4 Nf6 3. e3 e6 4. Nf3 Bd6 5. Bg3 0-0 6. Bd3 b6 7. Nbd2 c5 8. c3 Bb7 9. Qe2 Nc6 10. e4 dxe4 11. Nxe4 Bxg3 12. hxg3 h6 13. Nxf6+ Qxf6 14. Qe4 Qf5 15. Qxf5 exf5 16. Bxf5 cxd4 17. cxd4 Rad8 18. Rd1 Rd6 19. 0-0 Rfd8 20. Be4 Ba6 21. Rfe1 Nxd4 22. Nxd4 Rxd4 23. Rxd4 Rxd4 24. Bc2 Kf8 25. Rd1 Rxd1+ 26. Bxd1 Ke7 27. f4 Kd6 28. Kf2 Bb7 29. Bf3 Ba6 30. Ke3 Kc5 31. Be2 Bc8 32. Kd2 Kd4 33. Bf3 Bf5 34. Bd1 Be4 35. Bf3 Bb1 36. a3 Ba2 37. Bd1 Be6 38. Be2 a5 39. Bd1 b5 40. Be2 b4 41. axb4 axb4 42. Bd1 Bd5 43. Bf3 Bxf3 44. gxf3 Kc4 45. Kc2 b3+ 46. Kd2 Kd4 47. Ke2 f6 48. Kd2 g5 49. fxg5 fxg5 50. g4 Kc4 51. Ke3 Kd5 52. Kd3 1/2-1/2

[Event "GER-ch U10 Girls"]
[Site "Willingen"]
[Date "2024.05.24"]
[Round "9"]
[White "Kuehn, Nicole"]
[Black "Bashirova, Sona"]
[Result "1/2-1/2"]
[WhiteElo "1474"]
[BlackElo "1607"]
[PlyCount "153"]
[EventDate "2024.05.19"]
[EventType "swiss"]
[EventRounds "11"]
[EventCountry "GER"]
[SourceTitle "CBM 220 Extra"]
[Source "ChessBase"]
[SourceDate "2024.07.31"]
[SourceVersion "1"]
[SourceVersionDate "2024.07.31"]
[SourceQuality "1"]

1. e4 c6 2. d4 d5 3. exd5 cxd5 4. Bd3 Nc6 5. c3 Nf6 6. h3 e5 7. dxe5 Nxe5 8. Nf3 Nxd3+ 9. Qxd3 Bd6 10. 0-0 0-0 11. Bg5 h6 12. Bh4 g5 13. Bg3 Bxg3 14. fxg3 g4 15. Nh4 gxh3 16. Qf3 Qb6+ 17. Kh2 Ng4+ 18. Kh1 hxg2+ 19. Nxg2 Qxb2 20. Qd3 Qxa1 21. Qc2 Be6 22. Nd2 Qxf1+ 23. Nxf1 Rac8 24. Qd2 Rc6 25. Nh2 Nxh2 26. Kxh2 Kh7 27. Qd3+ Kg8 28. Nf4 b6 29. Nh5 Bg4 30. Nf4 Rd8 31. Qd4 Bf3 32. Qe3 Bg4 33. Nxd5 Re6 34. Qf4 Rxd5 35. Qxg4+ Rg5 36. Qf3 Rge5 37. Qg4+ Kh7 38. Qf3 Kg7 39. Qg4+ Kf8 40. Qb4+ Re7 41. Qg4 Re2+ 42. Kh3 Rxa2 43. Qc8+ Re8 44. Qc6 Re6 45. Qc4 Ra5 46. Qb4+ Ke8 47. Qg4 h5 48. Qg8+ Ke7 49. Qa8 Re2 50. Qb7+ Kf8 51. Qb8+ Kg7 52. Qd8 Ree5 53. Qd4 Rad5 54. Qf4 Rf5 55. Qe4 Kg6 56. Kh4 Rd2 57. g4 hxg4 58. Kxg4 Rg2+ 59. Kh3 Rgg5 60. Kh4 Kh6 61. Qc6+ f6 62. Qd6 Rh5+ 63. Kg4 Rfg5+ 64. Kf4 Rh4+ 65. Kf3 Rf5+ 66. Kg3 Rhf4 67. Qf8+ Kh7 68. Qf7+ Kh8 69. Qf8+ Kh7 70. Qf7+ Kh6 71. Qf8+ Kh7 72. Qf7+ Kh8 73. Qf8+ Kh7 74. Qf7+ Kh8 75. Qf8+ Kh7 76. Qf7+ Kh8 77. Qf8+ 1/2-1/2

[Event "GER-ch U10 Girls"]
[Site "Willingen"]
[Date "2024.05.23"]
[Round "8"]
[White "Yamshchikova, Oleksandra"]
[Black "Bashirova, Sona"]
[Result "0-1"]
[WhiteElo "1032"]
[BlackElo "1607"]
[PlyCount "52"]
[EventDate "2024.05.19"]
[EventType "swiss"]
[EventRounds "11"]
[EventCountry "GER"]
[SourceTitle "CBM 220 Extra"]
[Source "ChessBase"]
[SourceDate "2024.07.31"]
[SourceVersion "1"]
[SourceVersionDate "2024.07.31"]
[SourceQuality "1"]

1. e4 c6 2. Nc3 d5 3. Qe2 e6 4. d3 g6 5. g3 Bg7 6. Bg2 Ne7 7. f4 f6 8. h4 h5 9. a3 Nd7 10. Nf3 Nb6 11. Be3 Qc7 12. Bc5 Kf7 13. Bh3 Re8 14. g4 Qxf4 15. gxh5 gxh5 16. Rg1 Qc7 17. Qg2 Rg8 18. d4 Nd7 19. Bxe7 Kxe7 20. Qf2 Nb6 21. Rg2 Bd7 22. Kf1 Bh6 23. Rxg8 Nc4 24. b3 Rxg8 25. Ke1 Ne3 26. Ne2 Qg3 0-1

[Event "GER-ch U10 Girls"]
[Site "Willingen"]
[Date "2024.05.21"]
[Round "5"]
[White "Bashirova, Sona"]
[Black "Xu, Dorothea Sicheng"]
[Result "0-1"]
[WhiteElo "1607"]
[BlackElo "1255"]
[PlyCount "71"]
[EventDate "2024.05.19"]
[EventType "swiss"]
[EventRounds "11"]
[EventCountry "GER"]
[SourceTitle "CBM 220 Extra"]
[Source "ChessBase"]
[SourceDate "2024.07.31"]
[SourceVersion "1"]
[SourceVersionDate "2024.07.31"]
[SourceQuality "1"]

1. e4 e5 2. d4 exd4 3. f4 Nc6 4. Nf3 Bc5 5. Bd3 Nge7 6. 0-0 0-0 7. Qe1 d5 8. exd5 Nxd5 9. Bxh7+ Kxh7 10. Ng5+ Kg8 11. Qh4 Nf6 12. Nd2 Bf5 13. Rf3 d3+ 14. Kh1 dxc2 15. a3 Nd4 16. Rf1 Re8 17. b4 Nb3 18. Nxb3 Qd1 19. Bb2 c1Q 20. Rxd1 Qxb2 21. Nxc5 b6 22. Na6 Rac8 23. a4 Qe2 24. b5 c6 25. Kg1 cxb5 26. axb5 Rc2 27. Qg3 Nh5 28. Qf3 Qxf3 29. Nxf3 Ree2 30. g3 Rg2+ 31. Kh1 Bg4 32. Rd8+ Kh7 33. Ng5+ Kg6 34. Nb8 Rxh2+ 35. Kg1 Rcg2+ 36. Kf1 0-1

[Event "GER-ch U10 Girls"]
[Site "Willingen"]
[Date "2024.05.19"]
[Round "2"]
[White "Vignesh, Sara"]
[Black "Bashirova, Sona"]
[Result "0-1"]
[WhiteElo "1136"]
[BlackElo "1607"]
[PlyCount "136"]
[EventDate "2024.05.19"]
[EventType "swiss"]
[EventRounds "11"]
[EventCountry "GER"]
[SourceTitle "CBM 220 Extra"]
[Source "ChessBase"]
[SourceDate "2024.07.31"]
[SourceVersion "1"]
[SourceVersionDate "2024.07.31"]
[SourceQuality "1"]

1. d4 d5 2. c4 e6 3. Nc3 a6 4. cxd5 exd5 5. Nf3 Nf6 6. Bg5 Be7 7. e3 Bf5 8. Bxf6 Bxf6 9. Qb3 b6 10. Qxd5 Qxd5 11. Nxd5 Bd8 12. Be2 0-0 13. 0-0 c6 14. Nc3 b5 15. e4 Bg6 16. a3 Be7 17. Ne5 c5 18. d5 Bf6 19. Nxg6 hxg6 20. f4 Bd4+ 21. Kh1 f6 22. Rf3 Nd7 23. Ra2 Rae8 24. Bd3 c4 25. Bc2 Ba7 26. b3 cxb3 27. Bxb3 Nc5 28. Bc2 Bb6 29. Rb2 Ba5 30. Ne2 Nxe4 31. Bb3 Nd6 32. Kg1 Bb6+ 33. Kf1 Re7 34. Rc2 Ba7 35. Rc6 Rfe8 36. Bd1 Nc4 37. Ke1 Rd8 38. Rd3 Red7 39. Rxa6 Bc5 40. a4 Rxd5 41. Rxd5 Rxd5 42. Bb3 Bb4+ 43. Kf2 Rd2 44. axb5 Bc5+ 45. Kf1 Kh7 46. Ra1 Ne3+ 47. Ke1 Rb2 48. Nc1 Nxg2+ 49. Kf1 Rf2+ 50. Kg1 Ra2+ 51. Kf1 Ne3+ 52. Ke1 Rxa1 53. Kd2 Nf1+ 54. Kd1 Ba3 55. Kc2 Rxc1+ 56. Kd3 Re1 57. Kc2 Ne3+ 58. Kd2 Bb4+ 59. Kd3 Nf5 60. Kc2 Nd4+ 61. Kb2 Re2+ 62. Kb1 Nxb3 63. h4 Nd2+ 64. Kc1 Nc4 65. Kb1 Re1+ 66. Ka2 Bc3 67. b6 Na5 68. b7 Ra1# 0-1